[Event "16th ch-EUR Indiv w 2015"]
[Site "Chakvi GEO"]
[Date "2015.05.25"]
[Round "7.5"]
[White "Melia, Salome"]
[Black "Bodnaruk, Anastasia"]
[Result "1/2-1/2"]
[WhiteTitle "IM"]
[BlackTitle "IM"]
[WhiteElo "2452"]
[BlackElo "2402"]
[WhiteFideId "13602446"]
[BlackFideId "4181751"]
[EventDate "2015.05.19"]

1. e4 d6 2. d4 g6 3. Nc3 Bg7 4. Nf3 Nf6 5. Be2 O-O 6. O-O c6 7. h3 Qc7 8. Bf4
Nbd7 9. e5 dxe5 10. Nxe5 Nxe5 11. Bxe5 Qa5 12. Re1 Be6 13. a3 Ne8 14. b4 Qd8 15.
Bxg7 Kxg7 16. Ne4 Nd6 17. Nc5 Bf5 18. Bf3 Rc8 19. c3 Rc7 20. a4 b6 21. Nd3 Nc4
22. Ne5 Nxe5 23. Rxe5 Qd6 24. Qe2 Re8 25. Re1 Bc8 26. h4 f6 27. Re3 e6 28. g3
Rce7 29. Qc4 Bd7 30. Kg2 Rc8 31. Qa2 c5 32. dxc5 bxc5 33. Rd1 Qa6 34. a5 Bc6 35.
Kg1 Bxf3 36. Rxf3 Qb7 37. Re3 cxb4 38. cxb4 e5 39. Qb3 Qb5 40. Rc3 Rb8 41. Rb1
e4 42. Qc4 h5 43. Qxb5 Rxb5 44. Rc5 Rxc5 45. bxc5 Rc7 46. a6 Rxc5 47. Rb7+ Kh6
48. Rxa7 Rc1+ 49. Kg2 Ra1 50. Re7 Rxa6 1/2-1/2

[Event "16th ch-EUR Indiv w 2015"]
[Site "Chakvi GEO"]
[Date "2015.05.25"]
[Round "7.6"]
[White "Guseva, Marina"]
[Black "Kovalevskaya, Ekaterina"]
[Result "1/2-1/2"]
[WhiteTitle "IM"]
[BlackTitle "IM"]
[WhiteElo "2391"]
[BlackElo "2450"]
[WhiteFideId "4149351"]
[BlackFideId "4116704"]
[EventDate "2015.05.19"]

1. d4 Nf6 2. Nf3 d5 3. c4 e6 4. Nc3 c5 5. cxd5 cxd4 6. Qxd4 exd5 7. Bg5 Be7 8.
e3 Nc6 9. Qa4 O-O 10. Be2 Qb6 11. Qb5 Qxb5 12. Bxb5 Rd8 13. O-O-O Be6 14. Nd4
Rac8 15. Nxe6 fxe6 16. Kb1 Kf7 17. f3 Ne5 18. Rhf1 Nc4 19. Bxc4 Rxc4 20. e4 dxe4
21. Rxd8 Bxd8 22. Nxe4 Nxe4 23. fxe4+ Ke8 24. Bxd8 Kxd8 25. Rf7 Rc7 26. Rxc7
Kxc7 27. Kc2 Kd6 28. Kd3 e5 29. b4 b5 30. g4 g5 31. Ke3 Ke6 32. Kd3 Kd6 33. Ke3
Ke6 34. Kd3 Kd6 1/2-1/2

[Event "16th ch-EUR Indiv w 2015"]
[Site "Chakvi GEO"]
[Date "2015.05.25"]
[Round "7.7"]
[White "Galliamova, Alisa"]
[Black "Danielian, Elina"]
[Result "0-1"]
[WhiteTitle "IM"]
[BlackTitle "GM"]
[WhiteElo "2478"]
[BlackElo "2458"]
[WhiteFideId "4129725"]
[BlackFideId "13300210"]
[EventDate "2015.05.19"]

1. d4 Nf6 2. c4 e6 3. Nc3 Bb4 4. Qc2 d5 5. a3 Bxc3+ 6. Qxc3 c5 7. dxc5 d4 8. Qg3
Nc6 9. b4 e5 10. Qxg7 Rg8 11. Qh6 Bf5 12. Nf3 Rg6 13. Qd2 e4 14. Qf4 exf3 15.
Qxf5 fxg2 16. Bxg2 Rxg2 17. Bg5 Rxg5 18. Qxg5 Qe7 19. Qf5 Ne5 20. Rd1 Rd8 21.
Kf1 Nxc4 22. Rg1 Ne5 23. h4 h5 24. Rg3 Kf8 25. Qf4 Ng6 26. Qh6+ Kg8 27. Rdd3 Rd5
28. Rg5 Qe4 29. Kg1 Rxg5+ 30. Qxg5 Nd5 31. f3 Qxe2 32. Qd2 Qxd2 33. Rxd2 Nxh4
34. Kf2 Nf5 35. b5 Kf8 36. c6 bxc6 37. bxc6 Ke7 38. Rb2 Nb6 39. Rb5 Ke6 40. c7
Nd6 41. Rxh5 Kd7 42. Rc5 Ne8 43. c8=Q+ Nxc8 44. Rd5+ Ned6 45. Rxd4 Kc6 46. Ra4
Kb5 47. Rb4+ Kc5 48. Rb8 Nb6 49. Kg3 Kb5 50. Rh8 Ka4 51. Rh1 Nbc4 52. Rd1 a5 53.
Rd3 Kb5 54. Kh4 f6 55. Kh5 a4 56. f4 Kc5 57. Kg6 f5 58. Kf6 Nb2 59. Rc3+ Kd5 60.
Rc1 Nd3 61. Rd1 Ke4 62. Rd2 Nc4 63. Rc2 Ne3 64. Rc8 Nxf4 65. Re8+ Kd4 66. Ra8
Nfd5+ 67. Kg5 Nc3 68. Kf4 Kd3 69. Ra6 Ke2 70. Ra8 Ncd5+ 71. Kg5 f4 72. Rxa4 f3
73. Rh4 Ng2 74. Re4+ Kd3 75. Re8 f2 76. Rf8 Ngf4 0-1

[Event "16th ch-EUR Indiv w 2015"]
[Site "Chakvi GEO"]
[Date "2015.05.25"]
[Round "7.8"]
[White "Gaponenko, Inna"]
[Black "Paehtz, Elisabeth"]
[Result "1/2-1/2"]
[WhiteTitle "IM"]
[BlackTitle "IM"]
[WhiteElo "2391"]
[BlackElo "2473"]
[WhiteFideId "14101181"]
[BlackFideId "4641833"]
[EventDate "2015.05.19"]

1. e4 e5 2. Nf3 Nc6 3. Nc3 Nf6 4. d4 Bb4 5. Nxe5 Qe7 6. Nxc6 Qxe4+ 7. Be2 Bxc3+
8. bxc3 Qxc6 9. O-O O-O 10. c4 d5 11. cxd5 Nxd5 12. c4 Nc3 13. Bf3 Nxd1 14. Bxc6
bxc6 15. Rxd1 Be6 16. d5 cxd5 17. cxd5 Rfd8 18. Bf4 Rxd5 19. Rxd5 Bxd5 20. Bxc7
Rc8 21. Bf4 f6 22. a4 Rc4 23. Be3 a6 24. f3 Kf7 25. a5 g5 26. Rd1 Bc6 27. Rc1
Rxc1+ 28. Bxc1 Ke6 29. Kf2 h5 30. h3 h4 31. Bd2 Kf5 32. Bc3 Bb5 33. Bb2 Bc4 34.
Bc3 Bb5 35. Bb2 Bc6 36. Bc3 Bd7 37. Bb2 Be8 38. Bc3 Bf7 39. Bb2 Be6 40. Bc3 Bc4 1/2-1/2

[Event "16th ch-EUR Indiv w 2015"]
[Site "Chakvi GEO"]
[Date "2015.05.25"]
[Round "7.9"]
[White "Galojan, Lilit"]
[Black "Javakhishvili, Lela"]
[Result "1-0"]
[WhiteTitle "IM"]
[BlackTitle "IM"]
[WhiteElo "2275"]
[BlackElo "2472"]
[WhiteFideId "13301314"]
[BlackFideId "13601458"]
[EventDate "2015.05.19"]

1. Nf3 Nf6 2. g3 g6 3. c4 Bg7 4. Bg2 O-O 5. O-O d6 6. Nc3 Nc6 7. d4 Rb8 8. b3 a6
9. Bd2 Bd7 10. Rc1 e5 11. d5 Nd4 12. Ne1 c5 13. e3 Nf5 14. Nc2 b5 15. cxb5 axb5
16. b4 Qb6 17. Rb1 Qa7 18. Qe2 c4 19. a4 bxa4 20. Qxc4 Rfc8 21. Qa2 e4 22. Na3
Ne7 23. Rfc1 Bf5 24. Nab5 Qd7 25. Nd4 Bh3 26. Bh1 h5 27. b5 Rxc3 28. Bxc3 Nfxd5
29. Bxe4 Nxc3 30. Rxc3 Bxd4 31. exd4 Rxb5 32. Rbc1 Rb4 33. Rc7 Qe8 34. Qd2 Rb8
35. Qg5 Bd7 36. Qf6 Nf5 37. Bxf5 Bxf5 38. Re7 Qf8 39. Rcc7 Bh3 40. f3 Rb1+ 41.
Kf2 Rb2+ 42. Ke1 d5 43. g4 hxg4 44. Rc8 Rb1+ 45. Kd2 Rb2+ 46. Kd1 Rb1+ 47. Kc2
Qxc8+ 48. Kxb1 Qf8 49. Qe5 Kh7 50. f4 Bf1 51. Ka1 Bd3 52. Ka2 Bf5 53. Qc7 Kg8
54. Ka3 Bc2 55. Kb4 Kg7 56. Qe5+ Kh7 57. Qc7 Kg7 58. Kc3 Bf5 59. Qe5+ Kh7 60.
Kb2 Bd3 61. Rb7 a3+ 62. Ka1 Be4 63. Ka2 Bd3 64. Qe7 Qxe7 65. Rxe7 Kg7 66. Kxa3
Kf6 67. Re5 Be4 68. Kb4 Bf3 69. Kc5 Be4 70. Kd6 Bf3 71. Kd7 Be4 72. Ke8 Bf3 73.
Kd7 Be4 74. Kd6 Bf3 75. Rxd5 Bxd5 76. Kxd5 Kf5 77. Kc5 Kxf4 78. d5 Kf3 79. d6
Kg2 80. d7 Kxh2 81. d8=Q g3 82. Qh4+ Kg2 83. Kd4 Kf3 84. Qf6+ Ke2 85. Ke4 1-0

[Event "16th ch-EUR Indiv w 2015"]
[Site "Chakvi GEO"]
[Date "2015.05.25"]
[Round "7.10"]
[White "Socko, Monika"]
[Black "Guramishvili, Sopiko"]
[Result "1/2-1/2"]
[WhiteTitle "GM"]
[BlackTitle "IM"]
[WhiteElo "2467"]
[BlackElo "2370"]
[WhiteFideId "1106619"]
[BlackFideId "13602888"]
[EventDate "2015.05.19"]

1. e4 c5 2. Nf3 d6 3. d4 cxd4 4. Qxd4 Nc6 5. Bb5 a6 6. Bxc6+ bxc6 7. O-O Bg4 8.
Nbd2 Nf6 9. e5 dxe5 10. Qa4 Qd5 11. c4 Qd6 12. Nxe5 Bd7 13. Ndf3 e6 14. Nxd7
Nxd7 15. Be3 Qc7 16. Rad1 Be7 17. Nd4 Rc8 18. Qxa6 Nc5 19. Qa3 O-O 20. b4 Ra8
21. Qc1 Nd7 22. a3 c5 23. Nb5 Qc6 24. Qc3 Rfc8 25. Rc1 Nb6 26. Qb3 h6 27. Rfd1
e5 28. h3 Rcb8 29. Bxc5 Bxc5 30. bxc5 Qxc5 31. Qf3 Rd8 32. Rd3 Rab8 33. Qd1 Rxd3
34. Qxd3 Rc8 35. Qd6 Na4 36. Qd7 Nb6 37. Qd6 Na4 38. Rc2 Rc6 39. Qxc5 Rxc5 40.
Nd6 Rc6 41. Nf5 Rc5 42. Ne3 Kf8 43. Rd2 Ke7 44. Rd5 h5 45. Kf1 g6 46. Rxc5 Nxc5
47. Ke2 Kd6 48. Nd5 Na4 49. Ne3 Nc5 50. Nd1 Ne6 51. Kd2 Kc5 52. Kc3 Nf4 53. Ne3
f5 54. a4 Ne2+ 55. Kd3 Nc1+ 56. Kc2 Na2 57. a5 Nb4+ 58. Kc3 Nc6 59. a6 Kb6 60.
Nd5+ Kxa6 61. h4 Ka5 62. Kb3 Nd4+ 63. Kb2 Nc6 64. Ka3 e4 65. Kb3 Ne5 66. Kc3 Ng4
67. Nf4 Nxf2 68. Nxg6 Nd3 69. Kd4 Kb6 70. g3 Nc1 71. Nf4 Nb3+ 72. Ke3 Na5 73.
Nxh5 Nxc4+ 74. Kd4 Nd6 75. Nf4 Kc6 76. Ke5 Kd7 77. h5 e3 78. Kf6 Ne4+ 79. Kg6
Ke7 80. h6 Nf6 81. Ne2 Ke6 82. Nd4+ Ke5 83. Nf3+ Ke4 84. Ng5+ Ke5 85. Nf7+ Ke6
86. Nd8+ Kd7 87. Kxf6 e2 88. h7 e1=Q 89. Nf7 Qe6+ 90. Kg5 Qe7+ 91. Kg6 Qe6+ 92.
Kg5 Qe7+ 93. Kg6 Qe6+ 1/2-1/2

[Event "16th ch-EUR Indiv w 2015"]
[Site "Chakvi GEO"]
[Date "2015.05.25"]
[Round "7.11"]
[White "Mkrtchian, Lilit"]
[Black "Kashlinskaya, Alina"]
[Result "1/2-1/2"]
[WhiteTitle "IM"]
[BlackTitle "IM"]
[WhiteElo "2459"]
[BlackElo "2423"]
[WhiteFideId "13300601"]
[BlackFideId "4198026"]
[EventDate "2015.05.19"]

1. c4 Nf6 2. Nc3 g6 3. e4 e5 4. Nf3 d6 5. d4 exd4 6. Nxd4 Bg7 7. Be2 O-O 8. O-O
Re8 9. f3 c6 10. Kh1 Nbd7 11. Bf4 Nh5 12. Bxd6 Ne5 13. c5 Qg5 14. Qc1 Qh4 15.
Qe1 Qxe1 16. Rfxe1 Nf4 17. Rad1 Nxe2 18. Rxe2 Nc4 19. Bg3 Rd8 20. Bf2 Bf8 21. b3
Na3 22. Nc2 Rxd1+ 23. Nxd1 Nxc2 24. Rxc2 Be6 25. Rd2 Be7 26. Kg1 f6 27. Kf1 Kf7
28. Ke2 Re8 29. Be3 Rd8 30. Rxd8 Bxd8 31. Bd4 Bc7 32. h3 h5 33. Nb2 Bd8 34. Nd3
Bc7 35. Be3 f5 36. Bf4 fxe4 37. fxe4 Bd8 38. Ne5+ Kg7 39. Nf3 Kf7 40. Kd3 Be7
41. Be3 Ke8 42. Kd4 Bf6+ 43. Kd3 Be7 44. Kc2 Bg8 45. Ne5 g5 46. Nf3 g4 47. hxg4
hxg4 48. Ne5 Be6 49. Kd3 Kf8 50. Nc4 a6 51. b4 Kf7 52. a3 Kf6 53. Bf4 Kg6 54.
Be5 Kf7 55. a4 Kg6 56. Kd4 Kf7 57. Ne3 Kg6 58. a5 Bh4 59. g3 Be7 60. Nc4 Kf7 61.
Nd6+ Bxd6 62. cxd6 Ke8 63. Kc5 Kd7 64. Kb6 Kc8 65. Bf4 Bd7 66. Kc5 Be6 67. Kd4
Kd7 68. Ke5 Bb3 69. Kf5 Be6+ 1/2-1/2

[Event "16th ch-EUR Indiv w 2015"]
[Site "Chakvi GEO"]
[Date "2015.05.25"]
[Round "7.12"]
[White "Ushenina, Anna"]
[Black "Gevorgyan, Maria"]
[Result "1-0"]
[WhiteTitle "GM"]
[BlackTitle "WFM"]
[WhiteElo "2467"]
[BlackElo "2190"]
[WhiteFideId "14110911"]
[BlackFideId "13300270"]
[EventDate "2015.05.19"]

1. d4 d5 2. c4 c6 3. Nf3 Nf6 4. Qc2 g6 5. Bf4 Bf5 6. Qb3 Qb6 7. c5 Qxb3 8. axb3
Na6 9. Nc3 Nh5 10. Bd2 Bc2 11. Ra3 f6 12. e3 Nc7 13. Be2 b5 14. Na2 Kd7 15. O-O
Be4 16. Ra1 Kc8 17. Ba5 Na6 18. Nd2 e5 19. f3 exd4 20. fxe4 dxe3 21. Nf1 Nf4 22.
Ng3 Bxc5 23. b4 Bd4 24. Rd1 Bxb2 25. Rxe3 Re8 26. Bf1 Rb8 27. Ne2 Be5 28. Nxf4
Bxf4 29. Rc3 Rxe4 30. Rxc6+ Kb7 31. Rxf6 d4 32. Bxb5 Be3+ 33. Kh1 1-0

[Event "16th ch-EUR Indiv w 2015"]
[Site "Chakvi GEO"]
[Date "2015.05.25"]
[Round "7.14"]
[White "Fataliyeva, Ulviyya"]
[Black "Goryachkina, Aleksandra"]
[Result "1/2-1/2"]
[WhiteTitle "WIM"]
[BlackTitle "WGM"]
[WhiteElo "2331"]
[BlackElo "2474"]
[WhiteFideId "13403052"]
[BlackFideId "4147103"]
[EventDate "2015.05.19"]

1. e4 c6 2. d4 d5 3. Nc3 dxe4 4. Nxe4 Nf6 5. Ng3 h5 6. h4 Bg4 7. Qd2 Qc7 8. Bc4
e6 9. N1e2 Bd6 10. Qg5 Bxe2 11. Bxe2 Nbd7 12. Bd2 Bxg3 13. Qxg3 Qxg3 14. fxg3
Ne4 15. Bf4 f5 16. Bf3 Ndf6 17. a4 O-O-O 18. c3 Rhg8 19. Ra3 Rd7 20. b4 Nd5 21.
Bxe4 fxe4 22. Ke2 Rf8 23. Be3 b5 24. Rc1 Nb6 25. axb5 cxb5 26. Ra5 Rf5 27. Rca1
Na4 28. c4 g6 29. Rc1 Nb6 30. cxb5+ Kd8 31. Rca1 Nc4 32. Rxa7 Rxa7 33. Rxa7 Rxb5
34. Bg5+ Kc8 35. Be7 e5 36. dxe5 Rxe5 37. Bc5 Rd5 38. Ra2 Rd3 39. Rc2 Na3 40.
Rc1 Kb7 41. Kf2 Kc6 42. Be3+ Kd7 43. Rc5 Rb3 44. Bc1 Nb1 45. b5 Nc3 46. b6 e3+
47. Ke1 Na2 48. b7 Nxc1 49. Rxc1 Rxb7 50. Ke2 Ke6 51. Rc3 Rb2+ 52. Kxe3 Rxg2 53.
Kf4 Kf6 54. Rc2 1/2-1/2

[Event "16th ch-EUR Indiv w 2015"]
[Site "Chakvi GEO"]
[Date "2015.05.25"]
[Round "7.15"]
[White "Khurtsidze, Nino"]
[Black "Sedina, Elena"]
[Result "1/2-1/2"]
[WhiteTitle "IM"]
[BlackTitle "IM"]
[WhiteElo "2451"]
[BlackElo "2312"]
[WhiteFideId "13600320"]
[BlackFideId "812153"]
[EventDate "2015.05.19"]

1. d4 d5 2. c4 c6 3. Nf3 Nf6 4. Nc3 dxc4 5. a4 Bf5 6. Ne5 Nbd7 7. Nxc4 Qc7 8. g3
e5 9. dxe5 Nxe5 10. Bf4 Nfd7 11. Bg2 g5 12. Nxe5 gxf4 13. Nxd7 O-O-O 14. Qd4
Qxd7 15. Qxf4 Bd6 16. Qd4 Bc7 17. Qxd7+ Rxd7 18. O-O a5 19. Rfd1 Rhd8 20. Kf1
Rd4 21. Rxd4 Rxd4 22. Ke1 Rb4 23. e4 Be6 24. Rb1 Be5 25. Kd2 Bxc3+ 26. Kxc3 Rc4+
27. Kd3 Rxa4 28. f4 Rb4 29. Kc2 Rc4+ 30. Kd3 Rb4 31. Kc2 Rc4+ 32. Kd3 Rb4 1/2-1/2

[Event "16th ch-EUR Indiv w 2015"]
[Site "Chakvi GEO"]
[Date "2015.05.25"]
[Round "7.16"]
[White "Szczepkowska-Horowska, Karina"]
[Black "Mammadova, Gulnar"]
[Result "1-0"]
[WhiteTitle "WGM"]
[BlackTitle "WGM"]
[WhiteElo "2412"]
[BlackElo "2293"]
[WhiteFideId "1122681"]
[BlackFideId "13403508"]
[EventDate "2015.05.19"]

1. d4 d5 2. c4 c6 3. Nf3 Nf6 4. e3 e6 5. Nbd2 Nbd7 6. Bd3 Bd6 7. O-O O-O 8. e4
e5 9. cxd5 cxd5 10. Re1 Re8 11. exd5 exd4 12. Rxe8+ Qxe8 13. Nc4 Qf8 14. Nxd4
Nb6 15. Nxb6 axb6 16. Bg5 Be5 17. Nf3 Bg4 18. h3 Bxf3 19. Qxf3 Qd6 20. Re1 Bxb2
21. Qe2 Bc3 22. Rd1 h6 23. Be3 Re8 24. Bc2 Be5 25. Qb5 Ra8 26. Bb3 Nd7 27. a4
Nc5 28. Bc2 Bh2+ 29. Kh1 Be5 30. a5 Nd7 31. axb6 Ra2 32. Qc4 Ra8 33. Qd3 g6 34.
Qb5 Kg7 35. Ba4 Nf6 36. Bc5 Qd8 37. d6 Ne4 38. Be3 Qf6 39. d7 Nc3 40. Qxe5 Qxe5
41. Bd4 Qxd4 42. Rxd4 Nxa4 43. d8=Q Rxd8 44. Rxd8 Nxb6 45. Rb8 h5 46. Rxb7 Nd5
47. g3 Nf6 48. Kg2 Ne4 49. Rb4 Ng5 50. Ra4 Ne6 51. f4 Nc5 52. Ra7 Ne6 53. Kf3
Nd4+ 54. Ke4 Nf5 55. Ra3 Nd6+ 56. Kd5 Nf5 57. Ke5 Nh6 58. Rb3 Nf5 59. g4 hxg4
60. hxg4 Nh6 61. Rg3 Ng8 62. f5 g5 63. Ra3 Nf6 64. Ra4 Nd7+ 65. Kd6 Nf6 66. Rb4
Ng8 67. Ke5 Nf6 68. Rd4 Ne8 69. Rd6 Kf8 70. f6 1-0

[Event "16th ch-EUR Indiv w 2015"]
[Site "Chakvi GEO"]
[Date "2015.05.25"]
[Round "7.17"]
[White "Arakhamia-Grant, Ketevan"]
[Black "Abdulla, Khayala"]
[Result "0-1"]
[WhiteTitle "GM"]
[BlackTitle "WIM"]
[WhiteElo "2393"]
[BlackElo "2266"]
[WhiteFideId "13600168"]
[BlackFideId "13401807"]
[EventDate "2015.05.19"]

1. e4 c5 2. Nf3 e6 3. d4 cxd4 4. Nxd4 Nc6 5. Nc3 Qc7 6. Be3 a6 7. Qd2 Nf6 8.
O-O-O Bb4 9. f3 Ne5 10. Nb3 d5 11. Bd4 O-O 12. Kb1 dxe4 13. Qf4 Bd6 14. Nxe4
Nxe4 15. Qxe4 Ng6 16. h4 Bd7 17. Bd3 Bc6 18. Qe3 Nf4 19. Bb6 Qe7 20. c4 Nxg2 21.
Qd2 Bxf3 22. Rdf1 Bc6 23. Nd4 Nxh4 24. Nxc6 bxc6 25. Rh3 Ng6 26. Rfh1 f5 27.
Rxh7 c5 28. Ba5 Be5 29. Be2 Rab8 30. b3 Qd6 31. Qxd6 Bxd6 32. Bf3 Be5 33. R7h5
Kf7 34. Rd1 Bd4 35. Rg5 Ne5 36. Be2 Kf6 37. Bd2 Nf7 38. Rg2 g5 39. Rf1 Rh8 40.
Bf3 f4 41. Ba5 Rh4 42. Re2 Rbh8 43. Bb7 Rh2 44. Rd2 Rxd2 45. Bxd2 Rh2 46. Kc1
Nd6 47. Bc6 e5 48. a4 e4 49. Ba5 Ra2 50. Bd8+ Ke5 51. Rd1 e3 52. Bxg5 e2 53. Rh1
Bc3 54. Bh4 Ra1+ 55. Kc2 Rxh1 56. Bxh1 e1=Q 57. Bxe1 Bxe1 58. Kd3 Nf5 0-1

[Event "16th ch-EUR Indiv w 2015"]
[Site "Chakvi GEO"]
[Date "2015.05.25"]
[Round "7.18"]
[White "Lomineishvili, Maia"]
[Black "Atalik, Ekaterina"]
[Result "1-0"]
[WhiteTitle "IM"]
[BlackTitle "IM"]
[WhiteElo "2364"]
[BlackElo "2392"]
[WhiteFideId "13600656"]
[BlackFideId "4130189"]
[EventDate "2015.05.19"]

1. Nf3 Nf6 2. c4 g6 3. Nc3 d5 4. cxd5 Nxd5 5. Qb3 Nb6 6. d4 Bg7 7. e4 O-O 8. Be3
Bg4 9. Rd1 Nc6 10. d5 Bxf3 11. gxf3 Ne5 12. Be2 Qc8 13. h3 c6 14. f4 Ned7 15.
Rc1 cxd5 16. Nxd5 Qd8 17. O-O Nxd5 18. Qxd5 e5 19. Rfd1 exf4 20. Bxf4 Qf6 21.
Bd6 Nb6 22. Qxb7 Qxb2 23. Bxf8 Rxf8 24. Qxa7 Qxe2 25. Qxb6 Qxe4 26. Qc6 Qf5 27.
Qd7 Qg5+ 28. Qg4 Qa5 29. a4 h5 30. Qd7 Qa8 31. Qc6 Qa7 32. Rd7 Qb8 33. a5 Qf4
34. a6 Bd4 35. Rf1 Be5 36. Qg2 Qa4 37. Ra7 Kg7 38. Qf3 Bd4 39. Qf4 Kg8 40. h4 g5
41. Qxg5+ Kh8 42. Qxh5+ Kg8 43. Kh2 Bg7 44. Qg5 Qd4 45. Rg1 Rd8 46. Rb7 Qxf2+
47. Rg2 Qd4 48. a7 Kf8 49. Qxg7+ 1-0

[Event "16th ch-EUR Indiv w 2015"]
[Site "Chakvi GEO"]
[Date "2015.05.25"]
[Round "7.19"]
[White "Charochkina, Daria"]
[Black "Kursova, Maria"]
[Result "1-0"]
[WhiteTitle "WGM"]
[BlackTitle "WGM"]
[WhiteElo "2391"]
[BlackElo "2267"]
[WhiteFideId "4180917"]
[BlackFideId "4129709"]
[EventDate "2015.05.19"]

1. e4 c5 2. Nf3 e6 3. b3 b6 4. Bb2 Bb7 5. Qe2 Nc6 6. Nc3 d6 7. O-O-O e5 8. g4
Be7 9. h4 Nf6 10. g5 Nd7 11. Nd5 Nf8 12. Bh3 Ne6 13. c3 a6 14. Nh2 O-O 15. Ng4
Kh8 16. Nge3 Re8 17. Qh5 Nf4 18. Qf3 Nxh3 19. Rxh3 Bc8 20. Rg3 Be6 21. Qh1 b5
22. f4 Bxd5 23. Nxd5 exf4 24. Nxf4 c4 25. d4 cxd3 26. Rdxd3 Rc8 27. Kb1 Bf8 28.
h5 Ne5 29. Rd1 Qe7 30. Nd5 Qe6 31. h6 Nd7 32. Re1 g6 33. c4+ Kg8 34. cxb5 axb5
35. Qf1 Rc5 36. Rg1 Be7 37. Nf4 1-0

[Event "16th ch-EUR Indiv w 2015"]
[Site "Chakvi GEO"]
[Date "2015.05.25"]
[Round "7.20"]
[White "Mikadze, Miranda"]
[Black "Matveeva, Svetlana"]
[Result "1-0"]
[WhiteTitle "WIM"]
[BlackTitle "IM"]
[WhiteElo "2233"]
[BlackElo "2380"]
[WhiteFideId "13603108"]
[BlackFideId "4119827"]
[EventDate "2015.05.19"]

1. d4 Nf6 2. Nf3 g6 3. Nbd2 d5 4. e3 Bg7 5. Bd3 O-O 6. O-O b6 7. e4 Bb7 8. Qe2
e6 9. c3 c5 10. e5 Nfd7 11. b4 Nc6 12. Rb1 cxb4 13. cxb4 a5 14. b5 Nb4 15. Ba3
f6 16. exf6 Qxf6 17. Rbc1 Rac8 18. Bb1 e5 19. Bb2 e4 20. a3 exf3 21. Nxf3 Rce8
22. Qd2 Nc5 23. Qd1 Bh6 24. axb4 Bxc1 25. Bxc1 Ne4 26. bxa5 bxa5 27. Qb3 Qb6 28.
Be3 Nd6 29. Bd3 Nf5 30. Bxf5 Rxf5 31. Ne5 Rc8 32. Nd7 Qd6 33. Nc5 Rf7 34. Ra1
Ra8 35. h4 Bc8 36. b6 Rb8 37. Rb1 Bb7 38. Qb5 Ra8 39. Ra1 Bc6 40. b7 Rb8 41. Qb6
a4 42. Rxa4 Rfxb7 43. Nxb7 Rxb7 44. Ra8+ Kf7 45. Ra7 Rxa7 46. Qxa7+ Qe7 47. Qb8
Bd7 48. Qf4+ Qf6 49. Qc7 Qc6 50. Qe5 h5 51. Bh6 Bf5 52. Qh8 Qf6 53. Qf8+ Ke6 54.
Qc8+ Kf7 55. Qb7+ Ke8 56. Qb5+ Kf7 57. Qxd5+ Qe6 58. Qb7+ Qe7 59. Qb3+ Qe6 60.
Qg3 Qe1+ 61. Kh2 Qe4 62. Be3 Ke6 63. Qg5 Kd7 64. f3 Qe7 65. Qf4 Qd6 66. Kg3 Qb4
67. Bf2 Qe7 68. Qb8 Qe2 69. d5 Qc4 70. Qe5 Qc7 71. Qxc7+ Kxc7 72. Bc5 Bd3 73.
Kf4 Bf1 74. g4 Be2 75. gxh5 gxh5 76. Ke4 Bd1 77. f4 Bc2+ 78. Ke5 Kd7 79. Kf6 Be4
80. d6 Ke8 81. Kg5 Bf3 82. Kg6 Be2 83. f5 Bd3 84. Kg5 Be4 85. f6 Bc6 86. Kxh5
Kf7 87. Kg5 Bd7 88. h5 Be8 89. h6 Kg8 90. Bd4 1-0

[Event "16th ch-EUR Indiv w 2015"]
[Site "Chakvi GEO"]
[Date "2015.05.25"]
[Round "7.21"]
[White "Zawadzka, Jolanta"]
[Black "Kazimova, Narmin"]
[Result "1-0"]
[WhiteTitle "WGM"]
[BlackTitle "WGM"]
[WhiteElo "2434"]
[BlackElo "2259"]
[WhiteFideId "1122320"]
[BlackFideId "13402951"]
[EventDate "2015.05.19"]

1. e4 e5 2. Nf3 Nc6 3. Bb5 a6 4. Ba4 d6 5. O-O Bd7 6. d4 exd4 7. Nxd4 b5 8. Nxc6
Bxc6 9. Bb3 Nf6 10. c4 Be7 11. Nc3 O-O 12. Re1 Nd7 13. Be3 Bf6 14. Qc2 b4 15.
Nd5 a5 16. a4 Re8 17. Rad1 Bxd5 18. cxd5 Ne5 19. h3 Ng6 20. Bc4 Qe7 21. f3 Be5
22. Bb5 Rf8 23. Qf2 Nf4 24. Rc1 Qf6 25. Rxc7 Nh5 26. Rd1 Bg3 27. Qd2 Nf4 28.
Rdc1 Qg5 29. Kh1 Qh4 30. Bf1 h6 31. R1c4 Nh5 32. e5 Qd8 33. e6 Qf6 34. Rg4 Be5
35. Bd3 Bxb2 36. exf7+ Kh8 37. Bg6 Bc3 38. Qd3 Qd8 39. Rxc3 bxc3 40. Bxh5 Rc8
41. Rxg7 1-0

[Event "16th ch-EUR Indiv w 2015"]
[Site "Chakvi GEO"]
[Date "2015.05.25"]
[Round "7.22"]
[White "Ziaziulkina, Nastassia"]
[Black "Korenova, Martina"]
[Result "1-0"]
[WhiteTitle "IM"]
[BlackTitle "WIM"]
[WhiteElo "2423"]
[BlackElo "2241"]
[WhiteFideId "13505211"]
[BlackFideId "302805"]
[EventDate "2015.05.19"]

1. e4 e5 2. Nf3 Nf6 3. Nxe5 d6 4. Nf3 Nxe4 5. Nc3 Nxc3 6. dxc3 Be7 7. Be3 c6 8.
Qd2 Qa5 9. Bc4 Be6 10. Bxe6 fxe6 11. O-O Nd7 12. Rfe1 e5 13. Bg5 Qd5 14. Qxd5
cxd5 15. Rad1 Nb6 16. Be3 Kd7 17. Re2 Nc4 18. Bc1 Nb6 19. b3 Rac8 20. a4 Rxc3
21. Bb2 Rcc8 22. a5 Na8 23. Rxd5 Kc6 24. c4 Nc7 25. Rd1 Bf6 26. Ba3 Rcd8 27.
Red2 Ne8 28. Rd5 Rd7 29. c5 Nc7 30. Rxd6+ Rxd6 31. cxd6 Nb5 32. Bb2 Rd8 33.
Nxe5+ Bxe5 34. Bxe5 g6 35. f4 Kd7 36. Rd3 Ke6 37. Kf2 a6 38. Kf3 Na7 39. Ke4 Nc6
40. g4 Nxa5 41. f5+ Kf7 42. d7 Nxb3 43. Rxb3 Rxd7 44. Rb6 gxf5+ 45. gxf5 Ke8 46.
f6 Kf7 47. Kf5 a5 48. Rb3 a4 49. Rg3 b5 50. Rg7+ Ke8 51. Ke4 1-0

[Event "16th ch-EUR Indiv w 2015"]
[Site "Chakvi GEO"]
[Date "2015.05.25"]
[Round "7.23"]
[White "Belenkaya, Dina"]
[Black "Osmanodja, Filiz"]
[Result "1-0"]
[WhiteTitle "WFM"]
[BlackTitle "WIM"]
[WhiteElo "2235"]
[BlackElo "2352"]
[WhiteFideId "24142654"]
[BlackFideId "24633569"]
[EventDate "2015.05.19"]

1. e4 c5 2. Nf3 d6 3. c3 Nf6 4. Be2 Bg4 5. O-O e6 6. h3 Bh5 7. Re1 Be7 8. d4
cxd4 9. cxd4 O-O 10. Nc3 d5 11. e5 Nfd7 12. Be3 Nc6 13. Rc1 a6 14. Nh2 Bg6 15.
f4 Na5 16. Rf1 Nb6 17. Bf3 Nbc4 18. Qe2 Nxe3 19. Qxe3 Rc8 20. Qf2 Nc6 21. Rfd1
Nb4 22. Be2 b5 23. Nf1 Bc2 24. Rd2 Be4 25. a3 Nc6 26. Nxe4 dxe4 27. Qe3 Nxd4 28.
Rxd4 Qxd4 29. Qxd4 Rxc1 30. Qxe4 Rd8 31. Kh2 Re1 32. Qc2 g5 33. Ne3 h5 34. f5 g4
35. fxe6 Bg5 36. exf7+ Kf8 37. Qc5+ Kxf7 38. e6+ Kg6 39. Qf5+ Kh6 40. e7 Bh4 41.
Qf4+ 1-0

[Event "16th ch-EUR Indiv w 2015"]
[Site "Chakvi GEO"]
[Date "2015.05.25"]
[Round "7.24"]
[White "Zimina, Olga"]
[Black "Kiolbasa, Oliwia"]
[Result "1/2-1/2"]
[WhiteTitle "IM"]
[BlackTitle "WFM"]
[WhiteElo "2339"]
[BlackElo "2223"]
[WhiteFideId "4132190"]
[BlackFideId "1154613"]
[EventDate "2015.05.19"]

1. Nf3 d5 2. g3 Nf6 3. Bg2 c6 4. c4 e6 5. O-O Nbd7 6. d4 Bd6 7. Qc2 O-O 8. Nbd2
Qc7 9. e4 dxe4 10. Nxe4 Nxe4 11. Qxe4 Nf6 12. Qe2 h6 13. b3 Rd8 14. Bb2 Bd7 15.
Rad1 Bf8 16. Ne5 Be8 17. h4 a5 18. g4 Nh7 19. Be4 Qe7 20. Kg2 a4 21. f4 axb3 22.
axb3 g6 23. h5 gxh5 24. gxh5 f5 25. Bb1 Bg7 26. Rh1 Nf8 27. Rd3 c5 28. d5 exd5
29. cxd5 Bb5 30. Rhh3 Rxd5 31. Qc2 Rxd3 32. Nxd3 Qe4+ 33. Kg1 Bxd3 34. Rxd3 Qe1+
35. Kg2 Re8 36. Rd2 Bxb2 37. Qxb2 Ne6 38. Rf2 Nxf4+ 39. Kh2 Re3 40. Bxf5 Qxf2+
41. Qxf2 Re2 42. Qxe2 Nxe2 43. Kg2 Kg7 44. Kf2 Nd4 45. Be4 b5 46. Bd5 Kf6 47.
Ke3 Ke5 48. Bf7 Nf5+ 49. Kd3 Nd6 50. Bg6 Kd5 51. Bh7 c4+ 52. bxc4+ bxc4+ 53. Ke3
Ke5 54. Bc2 Ne8 55. Be4 Nf6 56. Bf3 Ne8 57. Be4 Nd6 58. Bh7 Nb5 59. Bg8 Na3 60.
Bf7 Kf6 61. Bg8 Ke5 62. Bf7 Kf6 63. Bg8 Ke5 1/2-1/2